| 000 | 01549cam a2200397 a 4500 | ||
|---|---|---|---|
| 001 | 9320277 | ||
| 005 | 20170105102352.0 | ||
| 006 | m d | ||
| 007 | cr n | ||
| 008 | 111025s2012 flua sb 001 0 eng d | ||
| 020 | _a9781439820780 | ||
| 035 | _a(WaSeSS)ssj0000581134 | ||
| 040 |
_aDLC _cDLC _dWaSeSS |
||
| 042 | _apcc | ||
| 050 | 4 |
_aTK1005 _b.D374 2012 |
|
| 100 | 1 |
_aDas, J. C., _d1934- |
|
| 210 | 1 | 0 | _aPower system analysis |
| 245 | 1 | 0 |
_aPower system analysis : short-circuit load flow and harmonics _bshort-circuit load flow and harmonics _cJ.C. Das. |
| 250 | _a2nd ed. | ||
| 260 |
_aBoca Raton : _bCRC Press, _cc2012. |
||
| 300 |
_axxvii, 1064 p. _bill.; _c25 cm. |
||
| 490 | 0 |
_aPower engineering ; _v33 |
|
| 504 | _aIncludes bibliographical references and index. | ||
| 506 | _aLicense restrictions may limit access. | ||
| 650 | 0 |
_aElectric power systems _xMathematical models. |
|
| 650 | 0 | _aElectric power system stability. | |
| 650 | 0 | _aSystem analysis. | |
| 773 | 0 | _tENGnetBASE | |
| 773 | 0 | _tELECTRICALENGINEERINGnetBASE | |
| 773 | 0 | _tMECHANICALENGINEERINGnetBASE | |
| 856 | 4 | 0 |
_uhttp://www.columbia.edu/cgi-bin/cul/resolve?clio9320277.001 _zFull text available from ELECTRICALENGINEERINGnetBASE |
| 856 | 4 | 0 |
_uhttp://www.columbia.edu/cgi-bin/cul/resolve?clio9320277.002 _zFull text available from ENGnetBASE |
| 856 | 4 | 0 |
_uhttp://www.columbia.edu/cgi-bin/cul/resolve?clio9320277.003 _zFull text available from MECHANICALENGINEERINGnetBASE |
| 910 | _aLibrary of Congress record | ||
| 942 |
_2ddc _cBK |
||
| 999 |
_c11986 _d11986 |
||